| 000 | 00360nam a22001457a 4500 | ||
|---|---|---|---|
| 008 | 221207b ||||| |||| 00| 0 eng d | ||
| 020 | _a9780321104335 | ||
| 041 | _aeng | ||
| 080 |
_2FIFTH EDITION _a82 |
||
| 082 | _a82FIT | ||
| 100 | _a38.1 | ||
| 101 | _aGJUH DHE LETERSI | ||
| 245 |
_aTHE COMPLETE SENTENCE WORKOUT BOOK _cFITZPATRICK H C |
||
| 942 |
_2udc _cBK |
||
| 999 |
_c59119 _d59119 |
||